00436nam a22001577a 450000500170000001000150001702000260003203500140005803700090007208200100008110000190009124500580011026000380016827000520020630000200025820241011161124.0 aENG-142134 c495.00a9789357943208 aEN-125666 bDBAD a158.1 aCarnegie, Dale aHow to Stop Worrying and Start Living/bDale Carnegie aNew DelhibV & S Publishersc2017 bNew DelhiaF-2/16, Ansari Rd, Daryaganje110002 a313p.c21cm(pb)